Southville International School and Colleges
Your cart is empty.
  • Cart
  • Lists
    Public lists Eva Luna New books Lux_list list_1
    Your lists Log in to create your own lists
  • Log in to your account
  • Your cookies
  • Search history
Southville International School and Colleges
  • Advanced search
  • Recent comments
  • Most popular
  • Libraries

Log in to your account

Log in with GOOGLE


If you do not have an external account, but do have a local account, you can still log in:

  1. Home
  2. MARC view: Etiquette guide to the Philippines :
Normal view MARC view ISBD view

Etiquette guide to the Philippines : (Record no. 276868)

[ view plain ]
MARC details
000 -LEADER
fixed length control field 00551nam a22001697a 4500
005 - DATE AND TIME OF LATEST TRANSACTION
control field 20141128140201.0
008 - FIXED-LENGTH DATA ELEMENTS--GENERAL INFORMATION
fixed length control field 141128b xxu||||| |||| 00| 0 eng d
020 ## - INTERNATIONAL STANDARD BOOK NUMBER
International Standard Book Number 9780804839549
050 ## - LIBRARY OF CONGRESS CALL NUMBER
Classification number BJ 2007.P453
Item number .P67 2008
100 ## - MAIN ENTRY--PERSONAL NAME
Personal name Posadas, Dennis.
245 ## - TITLE STATEMENT
Title Etiquette guide to the Philippines :
Remainder of title know the rules that make the difference! /
Statement of responsibility, etc Dennis and Joy Posadas.
250 ## - EDITION STATEMENT
Edition statement 1st ed.
260 ## - PUBLICATION, DISTRIBUTION, ETC. (IMPRINT)
Place of publication, distribution, etc Tokyo ; Rutland, Vt. :
Name of publisher, distributor, etc Tuttle Pub.,
Date of publication, distribution, etc c2008.
300 ## - PHYSICAL DESCRIPTION
Extent 127 p. :
Dimensions 21 cm.
650 ## - SUBJECT ADDED ENTRY--TOPICAL TERM
Topical term or geographic name as entry element Etiquette
General subdivision Philippines.
942 ## - ADDED ENTRY ELEMENTS (KOHA)
Source of classification or shelving scheme Library of Congress Classification
Koha item type Books
Call number prefix Local
Holdings
Withdrawn status Lost status Source of classification or shelving scheme Damaged status Home library Current library Shelving location Date acquired Source of acquisition Sub Shelving location Total Checkouts Full call number Barcode Date last seen Price effective from Koha item type
    Library of Congress Classification   College Library College Library General Circulation Section 11/28/2014 Library Fund     BJ 2007.P453 .P67 2008 C18983 05/15/2018 11/28/2014 Books

Etiquette guide to the Philippines :

APA

Posadas D., . (2008). Etiquette guide to the Philippines. Tokyo ; Rutland, Vt: Tuttle Pub.

Chicago

Posadas Dennis, . 2008. Etiquette guide to the Philippines. Tokyo ; Rutland, Vt: Tuttle Pub.

Harvard

Posadas D., . (2008). Etiquette guide to the Philippines. Tokyo ; Rutland, Vt: Tuttle Pub.

MLA

Posadas Dennis, . Etiquette guide to the Philippines. Tokyo ; Rutland, Vt: Tuttle Pub. 2008.

  • Place hold
  • Print
  • Cite
  • Add to your cart (remove)
  • Save record
    BIBTEX Dublin Core MARCXML MARC (non-Unicode/MARC-8) MARC (Unicode/UTF-8) MARC (Unicode/UTF-8, Standard) MODS (XML) RIS
  • More searches
    Search for this title in:
    Other Libraries (WorldCat) Other Databases (Google Scholar) Online Stores (Bookfinder.com) Open Library (openlibrary.org)

Exporting to Dublin Core...

SOUTHVILLE LIBRARY

Southville International School and Colleges Library

1281 Tropical Ave. Cor. Luxembourg St., BF Homes International, Las Pinas City

Tel. No. 8256374 / 252358 Loc. 117/146

Powered by Koha